Vista normal
Vista MARC
Entrada Personal Name
Número de registros utilizados en: 2
001 - CONTROL NUMBER
- control field: 19
003 - CONTROL NUMBER IDENTIFIER
- control field: DO-SdBNP
005 - DATE AND TIME OF LATEST TRANSACTION
- control field: 20160826113533.0
008 - FIXED-LENGTH DATA ELEMENTS
- fixed length control field: 160817|||aca||aabn | a|a d
040 ## - CATALOGING SOURCE
- Original cataloging agency: DO-SdBNP
100 1# - HEADING--PERSONAL NAME
- Personal name: Neruda, Pablo,
- Dates associated with a name: 1904-1973
400 ## - SEE FROM TRACING--PERSONAL NAME
- Personal name: Reyes Basoalto, Ricardo Eliecer Neftalí,
- Dates associated with a name: 1904-1973
670 ## - SOURCE DATA FOUND
- Source citation: Neruda: sus mejores poemas, 2004
- Information found: p. 3
670 ## - SOURCE DATA FOUND
- Source citation: Neruda: sus mejores poemas, 2004
- Information found: p. 3
670 ## - SOURCE DATA FOUND
- Source citation: Diccionario de biografías. 2004
- Information found: p. 710
670 ## - SOURCE DATA FOUND
- Source citation: Pablo Neruda (1904-1973). Premio Nobel de Literatura.
- Uniform Resource Identifier: http://www.memoriachilena.cl/602/w3-article-96373.html